000 01561nam a22002537a 4500
999 _c59921
_d59921
003 Ge_BSU
005 20230510151903.0
008 230510s2015 ge ||||| |||| 00| 0 geo d
020 _a9789941082924
041 _ageo
080 _a001(479.22)(09) შ-48
100 _aშენგელია, რამაზ
_97285
245 _aქართული მეცნიერების ფესვები /
_cრამაზ შენგელია, გიორგი ალიბეგაშვილი, გიორგი კვესიტაძე ; რედაქტორები: როინ მეტრეველი, ელიზბარ ჯაველიძე.
264 _aთბილისი :
_bსაქ. მეცნ. ეროვნ. აკადემიის გამოცემა,
_c2015.
300 _a56 გვ. :
_bილ. ;
_c20 სმ.
504 _a ბიბლიოგრაფია: გვ. 50-54.
653 _aქართული მეცნიერების ისტორია
653 _aგანათლების ისტორია საქართველოში
700 _aალიბეგაშვილი, გიორგი
_eავტორი.
_918076
700 _aკვესიტაძე, გიორგი
_eავტორი.
_918077
700 _aმეტრეველი, როინ
_eრედაქტორი.
_918078
700 _aჯაველიძე, ელიზბარ
_eრედაქტორი
_917629
942 _2udc
_cBK